[Event "DVM U14 2017"]
[Site "Verden/Aller GER"]
[Date "2017.12.27"]
[Round "1"]
[White "Müller, Marvin"]
[Black "Gerold, Robin"]
[Result "1-0"]
[Termination "normal"]
[Board "5.4"]
[WhiteElo "1577"]
[BlackElo "1319"]
[WhiteTeam "Hamburger SK"]
[BlackTeam "SF HN-Biberach"]
[PlyCount "101"]
[WhiteFideId "16214528"]
[BlackFideId "16235185"]
[EventCountry "GER"]
[EventRounds "7"]
[EventType "team-swiss"]
[EventDate "2017.12.26"]

1. e4 c5 2. d4 d5 3. Nd2 dxe4 4. Nxe4 Bf5 5. Ng3 Bg6 6. Nh3 e6 7. Nf4 Be7 8.
Ngh5 Bf6 9. c3 Nd7 10. Bc4 Qe7 11. O-O Nb6 12. Bb3 Rd8 13. Re1 Nd5 14. Qf3 Bxh5
15. Nxh5 g6 16. Nxf6+ Ngxf6 17. Bg5 O-O 18. Bxd5 Rxd5 19. Bxf6 Qc7 20. g4 b5
21. Qe3 g5 22. Qh3 Qf4 23. Be5 Rxe5 24. dxe5 Kg7 25. Kg2 Qc4 26. b3 Qd5+ 27.
Qf3 Qd8 28. Rad1 Qe7 29. Rd3 Rd8 30. Qf6+ Qxf6 31. exf6+ Kxf6 32. Rxd8 c4 33.
Red1 b4 34. cxb4 cxb3 35. axb3 a5 36. R1d7 Ke5 37. Rf8 Ke4 38. Rfxf7 axb4 39.
Rxh7 e5 40. Rhg7 Kf4 41. Rb7 Kxg4 42. Rxb4+ e4 43. Rxe4+ Kf5 44. Re1 g4 45. Kg3
Kf6 46. Rxg4 Kf7 47. Rf4+ Kg7 48. Re6 Kh8 49. Rg6 Kh7 50. Rg5 Kh8 51. Rh4# 1-0

[Event "DVM U14 2017"]
[Site "Verden/Aller GER"]
[Date "2017.12.27"]
[Round "1"]
[White "Kostanyan, Hakob"]
[Black "Haller, Luis"]
[Result "0-1"]
[Termination "normal"]
[Board "6.1"]
[WhiteElo "1877"]
[BlackElo "1711"]
[WhiteTeam "SC Weisse Dame"]
[BlackTeam "SF Konz-Karthaus"]
[PlyCount "138"]
[WhiteFideId "12977683"]
[BlackFideId "16209826"]
[EventCountry "GER"]
[EventRounds "7"]
[EventType "team-swiss"]
[EventDate "2017.12.26"]

1. e4 e6 2. d4 d5 3. Nd2 Nf6 4. e5 Nfd7 5. Bd3 c5 6. c3 Nc6 7. Ne2 Qb6 8. Nf3
f6 9. exf6 Nxf6 10. O-O Bd6 11. Re1 O-O 12. dxc5 Bxc5 13. Ned4 Bd7 14. Re2 Rae8
15. Bf4 Ng4 16. Be5 Ncxe5 17. Nxe5 Nxe5 18. Rxe5 Bxd4 19. cxd4 Qxb2 20. Re2 Qa3
21. Rb1 b6 22. Bc2 Rf6 23. Rb3 Qd6 24. Rh3 g6 25. Qd2 Qe7 26. Re5 Ref8 27. f3
Rf4 28. Re3 Qf6 29. Re5 Rc8 30. Bb3 Bb5 31. Qe3 Bc4 32. Qc3 b5 33. Qe3 Bxb3 34.
axb3 b4 35. Qd3 Rf5 36. Qa6 Rc1+ 37. Kf2 Rxe5 38. dxe5 Qxe5 39. f4 Qxf4+ 40.
Rf3 Rc2+ 41. Kg1 Rc1+ 42. Kf2 Qd2+ 43. Kg3 Qg5+ 44. Kh3 Qh5+ 45. Kg3 Qg5+ 46.
Kh3 Qh6+ 47. Kg3 g5 48. h3 Rc3 49. Qxa7 Rxf3+ 50. gxf3 Qf6 51. Qb8+ Qf8 52. Qb6
Kf7 53. Qe3 Qd6+ 54. Kg2 Kf6 55. h4 Qf4 56. Qc5 gxh4 57. Qf8+ Ke5 58. Qb8+ Kf5
59. Qf8+ Kg5 60. Qg7+ Kh5 61. Qxh7+ Qh6 62. Qc7 Qg6+ 63. Kf1 Qd3+ 64. Kg1 Qe3+
65. Kg2 Qe2+ 66. Kg1 Qe1+ 67. Kg2 Qg3+ 68. Qxg3 hxg3 69. Kxg3 Kg5 {Aufgabe Weiß
} 0-1

[Event "DVM U14 2017"]
[Site "Verden/Aller GER"]
[Date "2017.12.27"]
[Round "1"]
[White "Gatkewicz, Maurizio"]
[Black "Tham, Minh"]
[Result "0-1"]
[Termination "normal"]
[Board "6.2"]
[WhiteElo "1642"]
[BlackElo "1837"]
[WhiteTeam "SF Konz-Karthaus"]
[BlackTeam "SC Weisse Dame"]
[PlyCount "78"]
[WhiteFideId "16255658"]
[BlackFideId "12997323"]
[EventCountry "GER"]
[EventRounds "7"]
[EventType "team-swiss"]
[EventDate "2017.12.26"]

1. e4 e5 2. Nf3 Nc6 3. Bb5 a6 4. Ba4 Nf6 5. O-O Be7 6. Re1 b5 7. Bb3 O-O 8. d3
d6 9. Nbd2 Nb8 10. Nf1 Re8 11. Ng3 Bf8 12. Ng5 Be6 13. Nh5 Bxb3 14. axb3 h6 15.
Nxf6+ Qxf6 16. Qf3 hxg5 17. Qh5 Qh6 18. Qg4 Qh4 19. Qf5 Be7 20. Re3 Qf4 21. Rf3
Qxf5 22. Rxf5 g4 23. Rh5 g6 24. Rh6 Kg7 25. h4 Nc6 26. c3 Bf8 27. h5 Kg8 28.
hxg6 Bxh6 29. gxf7+ Kxf7 30. Bxh6 Rh8 31. Be3 Rh7 32. f3 g3 33. Ra2 Rah8 34.
Kf1 Rh1+ 35. Ke2 R8h2 36. d4 Rxg2+ 37. Kd3 Rd1+ 38. Bd2 Rdxd2+ 39. Ke3 Rge2#
0-1

[Event "DVM U14 2017"]
[Site "Verden/Aller GER"]
[Date "2017.12.27"]
[Round "1"]
[White "Tham, Nam"]
[Black "Biermann, Sophie"]
[Result "0-1"]
[Termination "normal"]
[Board "6.3"]
[WhiteElo "1796"]
[BlackElo "1594"]
[WhiteTeam "SC Weisse Dame"]
[BlackTeam "SF Konz-Karthaus"]
[PlyCount "88"]
[WhiteFideId "12997331"]
[BlackFideId "16208960"]
[EventCountry "GER"]
[EventRounds "7"]
[EventType "team-swiss"]
[EventDate "2017.12.26"]

1. e4 d5 2. exd5 Qxd5 3. Nc3 Qa5 4. d4 c6 5. Bc4 Bf5 6. Bd2 Qc7 7. Qe2 e6 8.
O-O-O Nf6 9. d5 cxd5 10. Bb3 Be7 11. Ba4+ Nc6 12. Nf3 O-O 13. Rhe1 Rac8 14. Nb5
Qd8 15. Nfd4 Nxd4 16. Nxd4 Bg6 17. h3 Qb6 18. Bg5 Rc4 19. Nxe6 Qxe6 20. Qxe6
fxe6 21. Rxe6 Re4 22. Re1 Rxe1+ 23. Rxe1 Bc5 24. f3 Be8 25. Bb3 Bc6 26. Kd2 Nd7
27. Bh4 Nb6 28. a3 Rf4 29. Bg3 Rf6 30. Bb8 Nd7 31. Bc7 Rg6 32. Re2 Nb6 33. g3
Bd6 34. Bxd6 Rxd6 35. f4 Kf8 36. Re5 Rd7 37. Rh5 g6 38. Rh4 Re7 39. Rg4 Rf7 40.
Kd3 Rf5 41. Kd4 Ke7 42. c3 Rh5 43. h4 Bd7 44. f5 Rxf5 {Aufgabe Weiß} 0-1

[Event "DVM U14 2017"]
[Site "Verden/Aller GER"]
[Date "2017.12.27"]
[Round "1"]
[White "Schilz, Tabea"]
[Black "Movsisyan, Andranik"]
[Result "0-1"]
[Termination "normal"]
[Board "6.4"]
[WhiteElo "1272"]
[BlackElo "1700"]
[WhiteTeam "SF Konz-Karthaus"]
[BlackTeam "SC Weisse Dame"]
[PlyCount "132"]
[WhiteFideId "16235312"]
[BlackFideId "16240391"]
[EventCountry "GER"]
[EventRounds "7"]
[EventType "team-swiss"]
[EventDate "2017.12.26"]

1. e4 d5 2. exd5 Qxd5 3. Nc3 Qa5 4. d4 c6 5. Bc4 Nf6 6. Bd2 Qc7 7. Nf3 Bg4 8.
h3 Bh5 9. g4 Bg6 10. Ne5 Nbd7 11. Nxg6 hxg6 12. Qf3 e6 13. O-O-O O-O-O 14. Bg5
Bd6 15. Ne4 Be7 16. Bf4 Qa5 17. Nd6+ Bxd6 18. Bxd6 Nb6 19. Be7 Nxc4 20. Qb3
Qg5+ 21. Kb1 Nd2+ 22. Rxd2 Qxd2 23. Bxd8 Rxd8 24. c3 Ne4 25. Rd1 Qxf2 26. Qc2
Qxc2+ 27. Kxc2 Rh8 28. Rf1 f6 29. Re1 Ng5 30. b4 Rxh3 31. Rg1 Rh2+ 32. Kb3 Rh3
33. a3 Ne4 34. Rc1 Rg3 35. g5 Rxg5 36. Re1 f5 37. Kc2 Rg3 38. c4 Rxa3 39. Rg1
g5 40. Kb2 Rc3 41. c5 Rc4 42. Rd1 Rxb4+ 43. Kc2 g4 44. Rd3 g3 45. Rd1 Rc4+ 46.
Kb3 Rc3+ 47. Kb2 g2 48. Rg1 Rf3 49. Kc2 Rf1 50. Rxg2 Rf2+ 51. Rxf2 Nxf2 52. Kd2
g5 53. Ke3 g4 54. Kxf2 a5 55. Ke3 a4 56. Kd3 g3 57. Ke3 a3 58. Kf3 f4 59. Kg4
g2 60. Kxf4 g1=Q 61. Ke5 a2 62. Kd6 a1=Q 63. Ke5 Qaxd4+ 64. Kxe6 Qg6+ 65. Ke7
Qe5+ 66. Kf8 Qee8# 0-1

[Event "DVM U14 2017"]
[Site "Verden/Aller GER"]
[Date "2017.12.27"]
[Round "1"]
[White "Abele, Anais"]
[Black "Huber, Benedikt"]
[Result "1/2-1/2"]
[Termination "normal"]
[Board "7.1"]
[WhiteElo "1666"]
[BlackElo "2015"]
[WhiteTeam "SC Aurich"]
[BlackTeam "SK München Südost"]
[PlyCount "137"]
[WhiteFideId "16208927"]
[BlackFideId "12923583"]
[EventCountry "GER"]
[EventRounds "7"]
[EventType "team-swiss"]
[EventDate "2017.12.26"]

1. e4 c6 2. d4 d5 3. exd5 cxd5 4. c4 Nf6 5. Nc3 Nc6 6. cxd5 Nxd5 7. Bc4 Nb6 8.
Bb5 Bd7 9. Nf3 a6 10. Be2 g6 11. d5 Na5 12. Be3 Bg7 13. Bd4 f6 14. b3 O-O 15.
Qd2 Be8 16. Bc5 Nd7 17. Bb4 f5 18. Rc1 Rc8 19. O-O Nf6 20. Na4 Rxc1 21. Rxc1
Bxa4 22. Bxa5 b6 23. Bxb6 Qxb6 24. bxa4 Rd8 25. Qd4 Qb7 26. Qc4 Nxd5 27. Qxa6
Qxa6 28. Bxa6 Nc3 29. Bc4+ Kf8 30. Ng5 Rd6 31. Kf1 Ke8 32. Ne6 Bf6 33. Nc7+ Kd8
34. Nb5 Rc6 35. Nxc3 Rxc4 36. Rd1+ Ke8 37. Nd5 Rxa4 38. Nxf6+ exf6 39. Rd2 Ke7
40. Ke2 Ke6 41. g3 Ke5 42. f4+ Ke4 43. h4 h6 44. Kf2 g5 45. fxg5 fxg5 46. hxg5
hxg5 47. Rb2 Ke5 48. Rb5+ Kf6 49. Rb6+ Kf7 50. Rb7+ Kg6 51. Rb6+ Kh5 52. Rb2
Kg4 53. Kg2 Ra3 54. Rb4+ f4 55. gxf4 Rxa2+ 56. Kf1 gxf4 57. Rb3 Rh2 58. Ra3
Rh1+ 59. Kg2 Rb1 60. Kf2 Rb2+ 61. Kf1 Rc2 62. Rb3 f3 63. Rb1 Rc4 64. Rb8 Kf4
65. Rf8+ Ke3 66. Re8+ Re4 67. Rxe4+ Kxe4 68. Kf2 Kf4 69. Kf1 1/2-1/2

[Event "DVM U14 2017"]
[Site "Verden/Aller GER"]
[Date "2017.12.27"]
[Round "1"]
[White "Lohvinov, Petro"]
[Black "Rajendram, Reanosh"]
[Result "1-0"]
[Termination "normal"]
[Board "7.2"]
[WhiteElo "1854"]
[BlackElo "1638"]
[WhiteTeam "SK München Südost"]
[BlackTeam "SC Aurich"]
[PlyCount "63"]
[WhiteFideId "14176661"]
[BlackFideId "12965162"]
[EventCountry "GER"]
[EventRounds "7"]
[EventType "team-swiss"]
[EventDate "2017.12.26"]

1. e4 e5 2. Nf3 Nc6 3. d4 exd4 4. Nxd4 Nf6 5. Nxc6 bxc6 6. e5 Qe7 7. Qe2 Nd5 8.
c4 Ba6 9. b3 g6 10. Bb2 Bg7 11. g3 O-O 12. Bg2 Rfe8 13. O-O Nb6 14. f4 d5 15.
Qf2 Rad8 16. Re1 Bb7 17. c5 Nd7 18. Bd4 Ba6 19. Nd2 Qe6 20. Nf3 Nf8 21. Nh4 Bc8
22. f5 gxf5 23. Bh3 Qh6 24. Bxf5 Ng6 25. Bxc8 Nxh4 26. e6 Bxd4 27. exf7+ Kg7
28. fxe8=N+ Kg8 29. Be6+ Qxe6 30. Rxe6 Bxf2+ 31. Kxf2 Kf7 32. Rae1 {Aufgabe
Schwarz} 1-0

[Event "DVM U14 2017"]
[Site "Verden/Aller GER"]
[Date "2017.12.27"]
[Round "1"]
[White "Dirks, Simon"]
[Black "Costa, Leonardo"]
[Result "0-1"]
[Termination "normal"]
[Board "7.3"]
[WhiteElo "1281"]
[BlackElo "1851"]
[WhiteTeam "SC Aurich"]
[BlackTeam "SK München Südost"]
[PlyCount "52"]
[WhiteFideId "16255666"]
[BlackFideId "16213955"]
[EventCountry "GER"]
[EventRounds "7"]
[EventType "team-swiss"]
[EventDate "2017.12.26"]

1. e4 c5 2. Nf3 d6 3. d4 cxd4 4. Nxd4 Nf6 5. Nc3 g6 6. Be3 Bg7 7. f3 O-O 8. Bc4
Nc6 9. Qd2 Bd7 10. Bb3 Rc8 11. O-O-O Ne5 12. Bh6 Nc4 13. Bxc4 Rxc4 14. Bxg7
Kxg7 15. h4 Qa5 16. g4 Rfc8 17. h5 Rxc3 18. bxc3 Qxa2 19. Qd3 Qa3+ 20. Kd2 Bxg4
21. fxg4 Rxc3 22. Qe2 Qb4 23. Kc1 Ra3 24. Nb3 Nxe4 25. Rd4 Ra1+ 26. Nxa1 Qa3+ {
Aufgabe Weiß} 0-1

[Event "DVM U14 2017"]
[Site "Verden/Aller GER"]
[Date "2017.12.27"]
[Round "1"]
[White "Krastev, Alexander"]
[Black "Waffenschmidt, Lars"]
[Result "1-0"]
[Termination "normal"]
[Board "8.1"]
[WhiteElo "2004"]
[BlackElo "1715"]
[WhiteTeam "Biebertaler SF"]
[BlackTeam "SK Bebenhausen"]
[PlyCount "113"]
[WhiteFideId "12989983"]
[BlackFideId "16244656"]
[EventCountry "GER"]
[EventRounds "7"]
[EventType "team-swiss"]
[EventDate "2017.12.26"]

1. e4 e5 2. Nf3 Nc6 3. Bc4 Bc5 4. c3 Nf6 5. d3 a6 6. Bb3 d6 7. O-O O-O 8. Nbd2
Ne7 9. d4 exd4 10. cxd4 Ba7 11. h3 Re8 12. Re1 Nc6 13. e5 dxe5 14. dxe5 Nd5 15.
Ne4 Ndb4 16. Neg5 Be6 17. Nxe6 fxe6 18. Bg5 Qd3 19. a3 Qxd1 20. Raxd1 Nd5 21.
Bxd5 exd5 22. Rxd5 h6 23. Bh4 g5 24. Bg3 Rad8 25. Rxd8 Rxd8 26. e6 Bb6 27. Re4
Ne7 28. h4 Nf5 29. Kh2 Nxg3 30. Kxg3 gxh4+ 31. Nxh4 Kg7 32. e7 Re8 33. f4 Bc5
34. Nf5+ Kg6 35. Re5 b6 36. b4 Bd6 37. Nxd6 cxd6 38. Re6+ Kf5 39. Rxh6 Rxe7 40.
Kf3 Rg7 41. g4+ Rxg4 42. Rh5+ Ke6 43. Kxg4 d5 44. Rh6+ Ke7 45. Rxb6 d4 46. Rxa6
d3 47. Kf3 Kd7 48. Ke3 Kc7 49. Kxd3 Kb7 50. b5 Kc7 51. f5 Kb7 52. f6 Kc7 53. f7
Kb7 54. f8=Q Kc7 55. Qd6+ Kc8 56. Ra8+ Kb7 57. Qb8# 1-0

[Event "DVM U14 2017"]
[Site "Verden/Aller GER"]
[Date "2017.12.27"]
[Round "1"]
[White "Öz, Mert"]
[Black "Grunwald, Jonathan"]
[Result "0-1"]
[Termination "normal"]
[Board "8.2"]
[WhiteElo "1379"]
[BlackElo "1678"]
[WhiteTeam "SK Bebenhausen"]
[BlackTeam "Biebertaler SF"]
[PlyCount "126"]
[WhiteFideId "16255704"]
[BlackFideId "12955744"]
[EventCountry "GER"]
[EventRounds "7"]
[EventType "team-swiss"]
[EventDate "2017.12.26"]

1. e4 e5 2. Nf3 Nc6 3. d4 exd4 4. Nxd4 Bc5 5. Nb3 Bb6 6. Nc3 d6 7. Bc4 Ne5 8.
Qe2 Bg4 9. f3 Qh4+ 10. Kd1 Bd7 11. Nd5 Ne7 12. Nxb6 axb6 13. g3 Qh5 14. Ke1
Qxf3 15. Qxf3 Nxf3+ 16. Kd1 Ne5 17. Bd5 c6 18. Bxf7+ Kxf7 19. Rf1+ Ke8 20. Bg5
h6 21. Be3 b5 22. Ke2 Bg4+ 23. Kd2 Nc4+ 24. Kd3 Ng6 25. Bd4 Nge5+ 26. Bxe5
Nxe5+ 27. Kc3 Rf8 28. Rxf8+ Kxf8 29. Rf1+ Ke7 30. Nd4 Rf8 31. Nf5+ Bxf5 32.
exf5 g6 33. g4 Nxg4 34. Re1+ Ne5 35. fxg6 Rg8 36. Rg1 Rxg6 37. Rxg6 Nxg6 38. a3
Ke6 39. b4 h5 40. Kd4 h4 41. Ke4 d5+ 42. Kf3 Kf5 43. c3 Ne5+ 44. Kg2 Kg4 45.
h3+ Kf4 46. Kf2 Nc4 47. Ke2 Kg3 48. Kf1 Kxh3 49. Kg1 Nxa3 50. Kh1 Nb1 51. Kg1
Nxc3 52. Kh1 Nb1 53. Kg1 Nc3 54. Kh1 d4 55. Kg1 d3 56. Kf2 d2 57. Ke3 d1=Q 58.
Kf4 Qd3 59. Ke5 Kg4 60. Kf6 Qd5 61. Ke7 Kf5 62. Ke8 Kf6 63. Kf8 Qf7# 0-1

[Event "DVM U14 2017"]
[Site "Verden/Aller GER"]
[Date "2017.12.27"]
[Round "1"]
[White "Peschel, Julia"]
[Black "Kocharin, Timur"]
[Result "1/2-1/2"]
[Termination "normal"]
[Board "8.3"]
[WhiteElo "1514"]
[BlackElo "1265"]
[WhiteTeam "Biebertaler SF"]
[BlackTeam "SK Bebenhausen"]
[PlyCount "95"]
[WhiteFideId "16255593"]
[BlackFideId "16240936"]
[EventCountry "GER"]
[EventRounds "7"]
[EventType "team-swiss"]
[EventDate "2017.12.26"]

1. e4 c5 2. c3 d5 3. exd5 Qxd5 4. Nf3 Bg4 5. Be2 Nc6 6. O-O Nf6 7. d4 e6 8. Re1
Be7 9. Be3 cxd4 10. Nxd4 Bxe2 11. Qxe2 Nxd4 12. Bxd4 O-O 13. Nd2 Nd7 14. Ne4 e5
15. Ng3 Bd6 16. Be3 Nf6 17. Rad1 Qe6 18. Bg5 Be7 19. Qxe5 Qxe5 20. Rxe5 Rfe8
21. Nf5 Bf8 22. Nh6+ gxh6 23. Bxf6 Rxe5 24. Bxe5 Re8 25. Bf4 Re2 26. Bd2 Bc5
27. Be3 Bxe3 28. fxe3 Rxb2 29. Rd7 Rxa2 30. Rxb7 Ra3 31. Rc7 a5 32. Kf2 a4 33.
Ra7 Rxc3 34. Rxa4 Kg7 35. Rg4+ Kf6 36. Kf3 h5 37. Rd4 Kf5 38. Rd5+ Kg6 39. Kf4
Rc2 40. Rg5+ Kh6 41. h4 Rf2+ 42. Ke4 Rf6 43. Ke5 Rg6 44. Kf5 Re6 45. e4 Ra6 46.
e5 Re6 47. Rg8 Ra6 48. Rg5 1/2-1/2

[Event "DVM U14 2017"]
[Site "Verden/Aller GER"]
[Date "2017.12.27"]
[Round "1"]
[White "Andrei, Quentin"]
[Black "Röhm, Adrian"]
[Result "0-1"]
[Termination "normal"]
[Board "8.4"]
[WhiteElo "1034"]
[BlackElo "1561"]
[WhiteTeam "SK Bebenhausen"]
[BlackTeam "Biebertaler SF"]
[PlyCount "152"]
[WhiteFideId "16255712"]
[BlackFideId "16213505"]
[EventCountry "GER"]
[EventRounds "7"]
[EventType "team-swiss"]
[EventDate "2017.12.26"]

1. d4 d5 2. c4 e6 3. Nc3 Nf6 4. Nf3 Nbd7 5. a3 Be7 6. Bf4 O-O 7. e3 Re8 8. Nb5
Bd6 9. Bxd6 cxd6 10. Nxd6 Re7 11. Bd3 dxc4 12. Bxc4 Nb6 13. Nxc8 Rxc8 14. Bd3
Rec7 15. O-O Nc4 16. Bxc4 Rxc4 17. Ne5 Rc2 18. Nd3 Qb6 19. Rc1 Rxc1 20. Nxc1
Qxb2 21. Qa4 Rxc1 22. Qxa7 Rxf1+ 23. Kxf1 g6 24. Qb8+ Kg7 25. g3 b5 26. Qe5
Qxa3 27. Qxb5 Qa1+ 28. Kg2 Qa2 29. Qe5 Qd5+ 30. Qxd5 Nxd5 31. e4 Nc3 32. Kf3
Kf6 33. Ke3 Kg5 34. h3 f5 35. f3 Kf6 36. Kd3 fxe4+ 37. fxe4 Nd1 38. Ke2 Nb2 39.
Kf3 Nc4 40. h4 h5 41. Kf4 Nd2 42. e5+ Kf7 43. g4 hxg4 44. Kxg4 Nb3 45. Kf4 Nxd4
46. Ke4 Nf5 47. Kf4 Nxh4 48. Kg5 Nf3+ 49. Kf4 Nd2 50. Kg5 Nc4 51. Kf4 g5+ 52.
Kxg5 Nxe5 53. Kf4 Kf6 54. Ke4 Ng6 55. Kf3 Kf5 56. Kg3 Ke4 57. Kf2 Nf4 58. Kg3
Ke3 59. Kg4 e5 60. Kf5 e4 61. Ke5 Kf3 62. Kd4 Ne2+ 63. Ke5 e3 64. Kf5 Nc3 65.
Ke5 e2 66. Kf5 e1=Q 67. Kg5 Qe4 68. Kf6 Kf4 69. Kf7 Qc6 70. Ke7 Nd5+ 71. Kf7
Qd7+ 72. Kg6 Qe6+ 73. Kg7 Kg5 74. Kf8 Qe7+ 75. Kg8 Nf6+ 76. Kh8 Qh7# 0-1

[Event "DVM U14 2017"]
[Site "Verden/Aller GER"]
[Date "2017.12.27"]
[Round "1"]
[White "Sehmsdorf, Johann"]
[Black "Burian, Simon"]
[Result "0-1"]
[Termination "normal"]
[Board "9.1"]
[WhiteElo "1610"]
[BlackElo "1963"]
[WhiteTeam "SV Dresden-Striesen"]
[BlackTeam "SK König Plauen"]
[PlyCount "88"]
[WhiteFideId "12985139"]
[BlackFideId "12956902"]
[EventCountry "GER"]
[EventRounds "7"]
[EventType "team-swiss"]
[EventDate "2017.12.26"]

1. e4 c5 2. Nf3 d6 3. d4 cxd4 4. Nxd4 Nf6 5. Nc3 a6 6. g3 e5 7. Nde2 Be6 8. Bg2
Be7 9. Nd5 Bxd5 10. exd5 O-O 11. O-O b5 12. b3 Nbd7 13. h3 Rc8 14. Be3 Ne8 15.
a4 b4 16. Qd3 a5 17. Rac1 f5 18. f4 e4 19. Qb5 Bf6 20. g4 g6 21. Nd4 Rc5 22.
Ne6 Rxb5 23. Nxd8 Rxd5 24. Ne6 Rf7 25. g5 Be7 26. Rf2 Nc5 27. Nxc5 dxc5 28. Bf1
Nd6 29. c4 bxc3 30. Rxc3 Kg7 31. Rxc5 Rxc5 32. Bxc5 Kf8 33. Bxd6 Bxd6 34. Kg2
Re7 35. Be2 e3 36. Rf1 Re4 37. Kg3 Ke7 38. h4 Kd7 39. Rd1 Kc7 40. Rc1+ Kb6 41.
Rf1 Bc7 42. h5 Bd6 43. hxg6 hxg6 44. Bd3 e2 {Aufgabe Weiß} 0-1

[Event "DVM U14 2017"]
[Site "Verden/Aller GER"]
[Date "2017.12.27"]
[Round "1"]
[White "Hörkner, Nico"]
[Black "Schade, Johannes"]
[Result "1-0"]
[Termination "normal"]
[Board "9.2"]
[WhiteElo "1605"]
[BlackElo "1379"]
[WhiteTeam "SK König Plauen"]
[BlackTeam "SV Dresden-Striesen"]
[PlyCount "55"]
[WhiteFideId "12974900"]
[BlackFideId "12958581"]
[EventCountry "GER"]
[EventRounds "7"]
[EventType "team-swiss"]
[EventDate "2017.12.26"]

1. Nf3 c5 2. e3 d6 3. d4 cxd4 4. exd4 Nf6 5. g3 Nc6 6. Bg2 Bg4 7. O-O g6 8. h3
Bd7 9. c4 Rc8 10. b3 Bg7 11. Bb2 O-O 12. Re1 Re8 13. Nbd2 Qb6 14. d5 Nb4 15.
Bd4 Qc7 16. a3 Nd3 17. Re3 Nc5 18. Rc1 Bh6 19. Re2 b5 20. Bxf6 exf6 21. cxb5
Bxb5 22. Rxe8+ Rxe8 23. b4 Ba4 24. Qxa4 Re2 25. Qd1 Bxd2 26. Nxd2 Nd3 27. Rxc7
Re1+ 28. Qxe1 1-0

[Event "DVM U14 2017"]
[Site "Verden/Aller GER"]
[Date "2017.12.27"]
[Round "1"]
[White "Richter, Kevin"]
[Black "Ertl, Liam"]
[Result "1-0"]
[Termination "normal"]
[Board "9.3"]
[WhiteElo "1352"]
[BlackElo "1395"]
[WhiteTeam "SV Dresden-Striesen"]
[BlackTeam "SK König Plauen"]
[PlyCount "109"]
[WhiteFideId "16255720"]
[BlackFideId "12993263"]
[EventCountry "GER"]
[EventRounds "7"]
[EventType "team-swiss"]
[EventDate "2017.12.26"]

1. d4 Nf6 2. c4 g6 3. Bg5 Bg7 4. e3 d6 5. Nc3 O-O 6. Nf3 Nc6 7. Bd3 Re8 8. O-O
Nb4 9. a3 Nxd3 10. Qxd3 Bf5 11. Qd1 Rc8 12. Qb3 b6 13. Nb5 Ra8 14. Rfe1 c6 15.
Nc3 Qc7 16. e4 Bg4 17. Nd2 e5 18. Bxf6 Bxf6 19. d5 cxd5 20. cxd5 Bd7 21. Rac1
Qd8 22. Nc4 Be7 23. Nb5 Bxb5 24. Qxb5 Rc8 25. a4 Bg5 26. Ra1 Rc5 27. Qa6 Qc7
28. b3 Rb8 29. Rab1 b5 30. Qxd6 bxa4 31. Qxc7 Rxc7 32. Nxe5 axb3 33. d6 Rc2 34.
Kf1 Rd2 35. d7 Bf4 36. Nc6 Rb6 37. d8=Q+ Rxd8 38. Nxd8 b2 39. g3 Bc1 40. Rbxc1
bxc1=Q 41. Rxc1 Rd6 42. Rc8 Kg7 43. Nc6 Rd1+ 44. Kg2 Rc1 45. Nxa7 Re1 46. f3
Re2+ 47. Kh3 Rf2 48. f4 Re2 49. e5 Re4 50. Rc7 h6 51. Nb5 Kf8 52. Nd6 Ra4 53.
Nxf7 h5 54. Ng5 Ra8 55. e6 {Aufgabe Schwarz} 1-0

[Event "DVM U14 2017"]
[Site "Verden/Aller GER"]
[Date "2017.12.27"]
[Round "1"]
[White "Elstner, Florian"]
[Black "Hiller, Klemens"]
[Result "1/2-1/2"]
[Termination "normal"]
[Board "9.4"]
[WhiteElo "1242"]
[BlackElo "1174"]
[WhiteTeam "SK König Plauen"]
[BlackTeam "SV Dresden-Striesen"]
[PlyCount "110"]
[WhiteFideId "16247264"]
[BlackFideId "16255739"]
[EventCountry "GER"]
[EventRounds "7"]
[EventType "team-swiss"]
[EventDate "2017.12.26"]

1. d4 d5 2. c4 e6 3. Nc3 Nf6 4. Bg5 Be7 5. Nf3 h6 6. Bf4 Nc6 7. e3 O-O 8. b3
Bb4 9. Rc1 Ne4 10. Qd3 Nxc3 11. Rxc3 Bxc3+ 12. Qxc3 Qe7 13. Bd3 Qb4 14. Qxb4
Nxb4 15. Bb1 Bd7 16. a3 Na6 17. O-O c5 18. cxd5 cxd4 19. dxe6 Bxe6 20. Nxd4 Nc5
21. b4 Nd7 22. Nxe6 fxe6 23. Be4 e5 24. Bg3 Rab8 25. Rd1 Rfd8 26. h3 Nf6 27.
Rxd8+ Rxd8 28. Bxb7 e4 29. Be5 Rd3 30. a4 Rb3 31. Bxf6 Rb1+ 32. Kh2 gxf6 33.
Bxe4 Rxb4 34. Bc6 a6 35. Kg3 Kf8 36. Kf3 Ke7 37. e4 Rc4 38. Bd5 Rxa4 39. Kf4
Rd4 40. f3 a5 41. Bg8 a4 42. g4 Rd2 43. h4 Rg2 44. Kf5 a3 45. Kg6 a2 46. Bxa2
Rxa2 47. Kxh6 Rh2 48. h5 Kf7 49. f4 Rg2 50. g5 Rg4 51. e5 fxe5 52. fxe5 Re4 53.
Kh7 Rxe5 54. g6+ Kf6 55. h6 Re8 1/2-1/2

[Event "DVM U14 2017"]
[Site "Verden/Aller GER"]
[Date "2017.12.28"]
[Round "3"]
[White "Post, Hugo"]
[Black "Suvorov, Alexander"]
[Result "0-1"]
[Termination "normal"]
[Board "1.1"]
[WhiteElo "2025"]
[BlackElo "2126"]
[WhiteClock "00:13:33"]
[BlackClock "00:24:40"]
[WhiteTeam "Reideburger SV 90 Halle"]
[BlackTeam "SG Porz"]
[PlyCount "94"]
[WhiteFideId "12962490"]
[BlackFideId "12977063"]
[EventCountry "GER"]
[EventRounds "7"]
[EventType "team-swiss"]
[EventDate "2017.12.26"]

1. e4 {[%clk 1:30:43]} c5 {[%clk 1:30:53]} 2. Nf3 {[%clk 1:30:34]} e6 {[%clk
1:31:02]} 3. Qe2 {[%clk 1:24:25]} Nc6 {[%clk 1:27:45]} 4. g3 {[%clk 1:24:16]}
e5 {[%clk 1:20:21]} 5. Bg2 {[%clk 1:23:03]} d6 {[%clk 1:18:48]} 6. O-O {[%clk
1:21:03]} Be7 {[%clk 1:17:50]} 7. d3 {[%clk 1:20:21]} Nf6 {[%clk 1:16:12]} 8.
c3 {[%clk 1:19:24]} O-O {[%clk 1:14:58]} 9. h3 {[%clk 1:16:25]} Ne8 {[%clk
1:07:40]} 10. Ne1 {[%clk 1:10:53]} Rb8 {[%clk 0:56:23]} 11. f4 {[%clk 1:05:03]}
exf4 {[%clk 0:53:37]} 12. gxf4 {[%clk 0:56:23]} g6 {[%clk 0:50:19]} 13. Be3
{[%clk 0:52:00]} Ng7 {[%clk 0:48:15]} 14. Nd2 {[%clk 0:47:57]} b5 {[%clk
0:34:58]} 15. Nef3 {[%clk 0:35:52]} b4 {[%clk 0:32:06]} 16. d4 {[%clk 0:33:35]}
bxc3 {[%clk 0:31:05]} 17. bxc3 {[%clk 0:33:39]} cxd4 {[%clk 0:31:15]} 18. Nxd4
{[%clk 0:33:41]} Nxd4 {[%clk 0:24:58]} 19. Bxd4 {[%clk 0:32:25]} a5 {[%clk
0:22:34]} 20. f5 {[%clk 0:21:00]} Bf6 {[%clk 0:20:24]} 21. fxg6 {[%clk
0:18:59]} Bxd4+ {[%clk 0:19:54]} 22. cxd4 {[%clk 0:19:22]} hxg6 {[%clk
0:20:19]} 23. d5 {[%clk 0:16:39]} Qg5 {[%clk 0:03:18]} 24. Nf3 Qh5 25. Nd4
{[%clk 0:13:11]} Qxe2 {[%clk 0:03:34]} 26. Nxe2 {[%clk 0:13:35]} Ba6 {[%clk
0:04:01]} 27. Rfe1 {[%clk 0:13:40]} Bxe2 {[%clk 0:04:13]} 28. Rxe2 {[%clk
0:13:55]} Rfc8 {[%clk 0:04:36]} 29. Bf3 {[%clk 0:12:09]} Rc3 {[%clk 0:04:30]}
30. Kf2 {[%clk 0:11:57]} Ne8 {[%clk 0:04:22]} 31. Rae1 {[%clk 0:07:48]} Kg7
{[%clk 0:03:02]} 32. Re3 {[%clk 0:05:16]} Rc5 {[%clk 0:02:47]} 33. Rb3 {[%clk
0:04:32]} Rxb3 {[%clk 0:02:48]} 34. axb3 {[%clk 0:04:59]} Kf6 {[%clk 0:02:47]}
35. Re3 {[%clk 0:04:12]} Ke5 {[%clk 0:02:11]} 36. Rd3 {[%clk 0:03:59]} Nc7
{[%clk 0:02:14]} 37. Ke3 {[%clk 0:03:25]} Nb5 {[%clk 0:02:23]} 38. h4 {[%clk
0:01:45]} Rc2 {[%clk 0:01:20]} 39. h5 {[%clk 0:01:15]} Rh2 {[%clk 0:01:35]} 40.
hxg6 {[%clk 0:00:45]} fxg6 {[%clk 0:02:04]} 41. Bg4 {[%clk 0:25:20]} Rc2 {[%clk
0:28:22]} 42. Bd7 {[%clk 0:21:31]} Nc3 {[%clk 0:27:25]} 43. Be8 {[%clk
0:16:36]} g5 {[%clk 0:25:27]} 44. Kf3 {[%clk 0:14:14]} Nxe4 {[%clk 0:24:39]}
45. Re3 {[%clk 0:13:38]} Rf2+ {[%clk 0:24:09]} 46. Kg4 {[%clk 0:14:00]} Rf4+
{[%clk 0:24:30]} 47. Kh3 {[%clk 0:13:33]} Kxd5 {[%clk 0:24:40]} 0-1